| 000 | 01161nam a22003137a 4500 | ||
|---|---|---|---|
| 003 | CHAP | ||
| 005 | 20220329143552.0 | ||
| 008 | 100608s2005 mx r 00010 spa d | ||
| 010 | _a98646 | ||
| 011 | _a99618 | ||
| 020 | _a9680201813 | ||
| 035 | _a110304 | ||
| 040 | _cCHAP | ||
| 090 | _aFolleto 17692 | ||
| 100 | 0 | 0 |
_aMendoza Castelán, Guillermo. _974621 |
| 245 | 1 | 0 |
_aRevisión histórica de la importancia de la enseñanza de las medicinas complementarias _c/por Guillermo Mendoza Castelán y Pedro Mendoza Castelán |
| 260 |
_a[Chapingo, Méx.] : _bUACH. Departamento de Fitotecnia. Programa Universitario de Medicina Tradicional y Terapéutica Naturista, _c2005 |
||
| 300 | _a48 p. | ||
| 590 |
_aBATCH-UPD _b10 _c20130110 _lUCH01 _h0937 |
||
| 590 |
_aBATCH-UPD _b10 _c20130410 _lUCH01 _h0554 |
||
| 590 |
_aBATCH-UPD _b10 _c20130914 _lUCH01 _h0747 |
||
| 590 |
_aCONVERSION _b10 _c20130109 _lUCH01 _h1354 |
||
| 650 | 1 | 4 |
_aBotánica médica _xHistoria. _914685 |
| 650 | 1 | 4 |
_aMedicina tradicional. _973921 |
| 700 | 0 |
_aMendoza Castelán, Pedro. _974622 |
|
| 901 | _aBK | ||
| 942 | _cFOLL | ||
| 949 |
_aFolleto 17692 _bBC _cUACH _d33724002177256 _eUACH _i110304 _sb |
||
| 999 |
_c98646 _d98646 |
||